TODOS os times do Brasileirão! - Statistics

Estatísticas Gerais
  • Esse quiz foi jogado 201 vezes
  • A pontuação média é 51 de 124
Estatísticas das Respostas
Série Time % Correto
A Flamengo
96%
A Corinthians
92%
A Fluminense
90%
A Palmeiras
90%
B Santos
86%
A São Paulo
86%
C Athletic
80%
A Bahia
79%
A Grêmio
79%
A Internacional
78%
A Vasco da Gama
78%
A Atlético MG
76%
A Cruzeiro
76%
A Fortaleza
76%
A Atlético GO
72%
B Coritiba
71%
A Cuiabá
71%
A Juventude
71%
A Criciúma
70%
B Ceará
69%
B Sport
69%
A Vitória
69%
B Goiás
68%
B América MG
65%
B Paysandu
64%
A Botafogo RJ
63%
A Red Bull Bragantino
63%
B Amazonas
62%
A Athletico PR
62%
B Guarani
61%
C Remo
61%
B Ponte Preta
60%
B Avaí
59%
B Botafogo SP
59%
B Chapecoense
59%
B Mirassol
59%
C Náutico
57%
B CRB
56%
B Vila Nova
56%
D América RN
52%
C Caxias
52%
C CSA
52%
B Novorizontino
52%
B Operário
52%
C Volta Redonda
52%
C Ferroviária
49%
B Brusque
48%
C Figueirense
48%
C Botafogo PB
47%
B Ituano
46%
C ABC
45%
C Londrina
44%
C Sampaio Corrêa
44%
D Brasiliense
43%
D Manaus
42%
C Ferroviário
41%
D Brasil de Pelotas
39%
C São Bernardo
39%
D Água Santa
38%
C Tombense
38%
D Moto Club
35%
C Ypiranga
35%
D Maringá
34%
D Nova Iguaçu
34%
D Sousa
33%
C Aparecidense
32%
D ASA
32%
D Santo André
32%
D Inter de Limeira
31%
D Rio Branco
31%
C Confiança
30%
D Retrô
30%
D Sergipe
28%
D Cascavel
27%
D Treze
27%
D Altos
26%
C Floresta
26%
D Novo Hamburgo
26%
D Portuguesa RJ
26%
D River
25%
D Ipatinga
24%
D Maranhão
24%
C São José RS
23%
D Águia de Marabá
22%
D Anápolis
22%
D Cianorte
22%
D Itabaiana
22%
D Juazeirense
22%
D São Raimundo
22%
D Tocantinópolis
22%
D Trem
22%
D Mixto
21%
D CSE
20%
D Jacuipense
20%
D Atlético CE
18%
D Porto Velho
18%
D CRAC
17%
D Iguatu
17%
D Manauara
17%
D Petrolina
17%
D Audax
16%
D Itabuna
16%
D Maracanã
16%
D Pouso Alegre
16%
D Avenida
15%
D Capital
15%
D Costa Rica
15%
D Fluminense PI
15%
D Patrocinense
15%
D Princesa
15%
D São José SP
15%
D Serra
15%
D Barra
14%
D Humaitá
14%
D Concórdia
13%
D Democrata
13%
D Hercílio Luz
13%
D Potiguar
13%
D Real Brasília
13%
D Santa Cruz RN
13%
D Cametá
12%
D Iporá
11%
D Real Noroeste
11%
D União RO
11%
Nenhum quiz correspondente encontrado
Distribuição das Pontuações
Porcentagem de Pessoas com Cada Pontuação
Percentil de Números Respondidos
Sua Pontuação Histórica
Você não jogou esse quiz